000 00789nam a2200253Ia 4500
003 OSt
005 20220923230430.0
006 a|||||r|||| 00| 0
007 ta
008 Pun
020 _c200
024 _a281,826
037 _b881, 12/08/2014, H.K. Prakashan
_cTextual
040 _aARTS
_cARTS
_bPun
041 _2Pun
_aPun
082 _aO153,1NSIx, Q3
100 _aਸਿੰਘ, ਚਰਨ
245 0 _aਸੰਤੁਲਨ ਤੇ ਪੱਥਰ ਦਾ ਸਖ਼ਰ
260 _aਚੰਡੀਗੜ
_b ਪੰਜਾਬ ਬੁੱਕ ਸੈ੍ਵਟਰ
_c2013
300 _a104ਪੰ
_ccm.
650 _aਪੰਜਾਬੀ ਸਾਹਿਤ
942 _hO153,1NSIx, Q3
_cTEXL
_2CC
999 _c384760
_d384760